000 00233nam a2200097Ia 4500
001 703410
005 20250826162351.0
008 250824s9999 xx 000 0 und d
245 0 _aDİYET
_cÖMER SEYFETTİN
260 _bTİMAŞ YAYINLARI
999 _c703410
_d703410